000 00435nam a2200157 a 4500
001 000031363
005 20200930062858.0
008 110620s1951 dr 000 0 spa d
040 _aDO-SdBNP
_bspa
_cBNPHu
082 _axxx
_bJ37f
100 1 _aJaramillo Arango, Jaime
_957791
245 1 3 _aEl faro a Colon /
_cJaime Jaramillo Arango.
260 _a[Santo Domingo] :
_b[s.n.],
_c[1951]?
300 _a[20 p.] ;
_c23 cm.
049 _aBNPD
999 _c30855
_d30855